<?xml version="1.0" encoding="UTF-8"?>
<marc:record xmlns:marc="http://www.loc.gov/MARC21/slim">
   <marc:leader>00000nam a2200000 a 4500</marc:leader>
   <marc:datafield ind1="1" ind2=" " tag="100">
      <marc:subfield code="a">Leopold &lt;Belgien, König, I.&gt;</marc:subfield>
   </marc:datafield>
   <marc:datafield ind1="1" ind2=" " tag="100">
      <marc:subfield code="a">Tinnebroek, Antonius</marc:subfield>
   </marc:datafield>
   <marc:datafield ind1="1" ind2=" " tag="100">
      <marc:subfield code="a">De Buck, Victor</marc:subfield>
   </marc:datafield>
   <marc:datafield ind1="1" ind2=" " tag="100">
      <marc:subfield code="a">Bossue, Benjamin</marc:subfield>
   </marc:datafield>
   <marc:datafield ind1="1" ind2=" " tag="100">
      <marc:subfield code="a">Hecke, Joseph ¬van¬</marc:subfield>
   </marc:datafield>
   <marc:datafield ind1=" " ind2=" " tag="653">
      <marc:subfield code="a">s||Kupferstich</marc:subfield>
   </marc:datafield>
   <marc:datafield ind1=" " ind2=" " tag="653">
      <marc:subfield code="a">p||Leopold &lt;Belgien</marc:subfield>
   </marc:datafield>
   <marc:datafield ind1=" " ind2=" " tag="653">
      <marc:subfield code="a">König</marc:subfield>
   </marc:datafield>
   <marc:datafield ind1=" " ind2=" " tag="653">
      <marc:subfield code="a">I.&gt;</marc:subfield>
   </marc:datafield>
   <marc:datafield ind1="0" ind2="0" tag="245">
      <marc:subfield code="a">Quo dies decimus septimus, decimus octavus, decimus nonus et vigesimus continentur</marc:subfield>
   </marc:datafield>
   <marc:datafield ind1="0" ind2="0" tag="245">
      <marc:subfield code="c">Collecta, Digesta, Commentariisque et Observationibus Illustrata A Josepho Van Hecke, Benjamino Bossue, Victore De Buck, Antonio Tinnebroek, Societatis Jesu Presbyteris Theologis</marc:subfield>
   </marc:datafield>
   <marc:datafield ind1=" " ind2="1" tag="264">
      <marc:subfield code="a">Bruxellis</marc:subfield>
      <marc:subfield code="b">Greuse</marc:subfield>
      <marc:subfield code="c">1853</marc:subfield>
   </marc:datafield>
   <marc:datafield ind1="1" ind2=" " tag="520">
      <marc:subfield code="a">Frontispiz (Kupferstich) https://zentralbibliothek.kapuziner.at/kupferstiche/provinzbibliothek/provinzbibliothek_4096.jpg von I. F. Ruelle sculp., Porträt (Kupferstich) von König Leopold https://zentralbibliothek.kapuziner.at/kupferstiche/provinzbibliothek/provinzbibliothek_4097.jpg von Meulenbergh del., weitere, teilweise gefaltene Illustrationen im Text, gelber Ledereinband auf Buchdeckeln aus Holz, Leder der Buchdeckel mit Linien, fleuralen Bordüren und Elementen verziert, Buchrücken mit 5 Bünden, Linien ober- und unterhalb der Bünde, gelben Titelschildern "BOLLAND. || OCTOBRIS DIES || 17. 18. 19. 20." "TOM. VIII." und Signaturschild "366 (54)", zwei geschwungene Knopfschließen mit Lederscharnieren (ein Metallteil fehlt), grün marmorierte Schnittkante, 3 weiße Signakel.</marc:subfield>
   </marc:datafield>
   <marc:datafield ind1="0" ind2=" " tag="490">
      <marc:subfield code="v">8.</marc:subfield>
   </marc:datafield>
   <marc:datafield ind1=" " ind2=" " tag="300">
      <marc:subfield code="a">[4] Bl., XVIII S., [1] Bl., 1158 S., [1] Bl., [4] gef. Bl. : Ill.</marc:subfield>
   </marc:datafield>
</marc:record>
